000
00318nam a2200121Ia 4500
008
231129s1989||||xx |||||||||||||| ||spa||
082
_a
HAJ- 0191
100
_a
Agudelo Ramírez Luis Eduardo
245
0
_a
El Gran Caldas
260
_c
1989
264
_a
Medellín: Litografía Especial 1988
942
_2
ddc
_c
BKS
999
_c
11164
_d
11164